| 000 | 01321cam a2200277 4500 | ||
|---|---|---|---|
| 001 | ABS61473 | ||
| 008 | 000000n1999 000 0 eng u | ||
| 035 | _a(Sirsi) u102266 | ||
| 100 | _aMacaulay, M. | ||
| 245 | _aAdjudication works! | ||
| 260 | _c1999 | ||
| 490 |
_aSolicitors' Journal _v143(40) 22 October 1999, 980-981(2) |
||
| 520 | _aDiscusses the courts' attitude to the adjudication requirements set out in the Housing Grants, Construction and Regeneration Act 1996, looking at caselaw on the subject. | ||
| 590 | _aABS | ||
| 650 | _aMANAGEMENT-DISPUTE AVOIDANCE, MANAGEMENT AND RESOLUTION-DISPUTE MANAGEMENT AND RESOLUTION-ALTERNATIVE DISPUTE RESOLUTION-ADJUDICATION | ||
| 650 | _aHOUSING GRANTS CONSTRUCTION AND REGENERATION ACT 1996 | ||
| 650 | _aMACOB CIVIL ENGINEERING LTD V MORRISON CONSTRUCTION LTD | ||
| 650 | _aA AND D MAINTENANCE AND CONSTRUCTION LTD V PAGEHURST CONSTRUCTION SERVICES LTD | ||
| 650 | _aALLIED LONDON AND SCOTTISH PROPERTIES V RIVERBRAE | ||
| 650 | _aPROJECT CONSULTANCY GROUP V TRUSTEES OF THE GRAY TRUST | ||
| 650 | _aJOHN COTHLIFF V ALLENBUILD (NORTH WEST) | ||
| 650 | _aRENTOKIL AILSA ENVIRONMENTAL LTD V EASTEND CIVIL ENGINEERING LTD | ||
| 650 | _aBUILT ENVIRONMENT-BUILDING CONTRACT FORMS | ||
| 690 | _aBUILT ENVIRONMENT-BUILDING CONTRACT FORMS | ||
| 942 | _n0 | ||
| 999 |
_c61297 _d61297 |
||